000 00532nam a2200193Ia 4500
005 20250326141649.0
008 250326s9999 xx 000 0 und d
037 _aTextbook
040 _aFMSL
_beng
_cFMSL
041 _aeng
_2eng
084 _aX:89U K9
_qFMSL
100 _aWesting J H
_9312267
245 0 _aPurchasing management materials in motion
_cWesting J H
250 _a3
260 _aNew Delhi
_bNew Delhi, Wiley Eastern
_c1969
300 _a549p
942 _cTB
_hX:89U K9
999 _c1291388
_d1291388